000 00915nam a2200265Ia 4500
003 OSt
005 20221005110341.0
006 a|||||r|||| 00| 0
007 ta
008 221004b |||||||| |||| 00| 0 hin d
020 _a9788184575446 (hbk)
_c450
024 _a16702
037 _b118, 21/03/2015, Mallika Books
_cTextual
040 _aCRL
_cCRL
_bhin
041 _2hin
_ahin
082 _aR65, 152Q3
100 _aपाठक, आर. पी.
245 0 _aवेदान्त शिक्षा - दर्शन
246 _aVedānta shikṣhā - darshana
260 _aनई दिल्ली
_bकनिष्क पब्लिशर्स भारत
_c2013
300 _a160पृ0
_ccm.
650 _aभारतीय दर्शन
942 _hR65, 152Q3
_cTEXL
_2cc
999 _c1018548
_d1018548